| 000 | 00664nam a22002413 4500 | ||
|---|---|---|---|
| 001 | 80671 | ||
| 003 | BD-RjUL | ||
| 005 | 20221101100449.0 | ||
| 008 | 221101s1894 enk 000 0 | ||
| 035 | _a(BD-RjUL)80671 | ||
| 040 |
_aBD-RjUL _beng _cBD-RjUL |
||
| 041 | _aeng | ||
| 082 |
_223 _a823 _bPHR 1894 |
||
| 100 | 1 |
_aPhillips, Lydia. _95610 |
|
| 245 | 1 | 0 |
_aRaymond and Bertha / _cLydia Phillips |
| 260 |
_aLondon : _bS.W. Partridge & Co., _c[1894] |
||
| 300 |
_c160 p.; _b19 cm. |
||
| 650 |
_aBrothers and sisters _vFiction _95611 |
||
| 651 |
_aConduct of life _vFiction _95612 |
||
| 690 | 0 | 0 |
_aTheology _94657 |
| 752 |
_aEngland _dLondon |
||
| 942 |
_2ddc _cBK |
||
| 999 |
_c80671 _d80671 |
||